Understanding Soccer Hooliganism. (Record no. 1942)

MARC details
000 -LEADER
fixed length control field 00377nam a22001217a 4500
005 - DATE AND TIME OF LATEST TRANSACTION
control field 20200907105018.0
008 - FIXED-LENGTH DATA ELEMENTS--GENERAL INFORMATION
fixed length control field 200907b ||||| |||| 00| 0 eng d
020 ## - INTERNATIONAL STANDARD BOOK NUMBER
International Standard Book Number 0335192491
040 ## - CATALOGING SOURCE
Transcribing agency CML
245 ## - TITLE STATEMENT
Title Understanding Soccer Hooliganism.
Statement of responsibility, etc. Kerr, J.H.
260 ## - PUBLICATION, DISTRIBUTION, ETC.
Place of publication, distribution, etc. Buckingham
Name of publisher, distributor, etc. Open University Press
Date of publication, distribution, etc. 1994
942 ## - ADDED ENTRY ELEMENTS (KOHA)
Source of classification or shelving scheme Dewey Decimal Classification
Koha item type Books
Edition 1st Edition
Classification part 796.3343036
Call number suffix KER
Holdings
Withdrawn status Lost status Source of classification or shelving scheme Damaged status Not for loan Collection code Home library Current library Shelving location Date acquired Total Checkouts Full call number Barcode Date last seen Copy number Price effective from Koha item type
    Dewey Decimal Classification     Technology (Applied Sciences) Chalimbana Main Library Chalimbana Main Library The Arts Fine & Decorative Arts 09/07/2020   796.3343036 KER 9780335192496 09/07/2020 1 09/07/2020 Books

Powered by Koha